[Event "THA-chT"]
[Site "Bangkok"]
[Date "2015.12.12"]
[Round "8.3"]
[White "Chotichanathawewong, Sanquan"]
[Black "Charoenlarpnopparut, Shanon"]
[Result "1-0"]
[WhiteElo "1437"]
[BlackElo "1240"]
[PlyCount "51"]
[EventDate "2015.12.04"]
[EventType "team-swiss"]
[EventRounds "9"]
[EventCountry "THA"]
[SourceTitle "CBM 170 Extra"]
[Source "ChessBase"]
[SourceDate "2016.02.25"]
[SourceVersion "1"]
[SourceVersionDate "2016.02.25"]
[SourceQuality "1"]
[WhiteTeam "KUS Warriors"]
[BlackTeam "KUS Assassins"]
[WhiteTeamCountry "THA"]
[BlackTeamCountry "THA"]

1. d4 d5 2. c4 Nf6 3. Nc3 e6 4. Nf3 Nc6 5. e3 Bb4 6. Bd3 0-0 7. 0-0 Bxc3 8. bxc3 Ne4 9. Bxe4 dxe4 10. Nd2 f5 11. f3 exf3 12. Nxf3 Qd6 13. a4 e5 14. Ba3 Qe6 15. Bxf8 Kxf8 16. d5 Qd6 17. dxc6 Qxc6 18. Qd8+ Kf7 19. Nxe5+ Ke6 20. Nxc6 bxc6 21. Qxc7 Bd7 22. Rad1 h6 23. Qxd7+ Kf6 24. Qxf5+ Ke7 25. Rd7+ Ke8 26. Qf7# 1-0